| 000 | 00663 a2200193 4500 | ||
|---|---|---|---|
| 020 | _a3540712240 | ||
| 020 | _a9783540712244 | ||
| 082 | _a515.39 | ||
| 090 |
_c1595 _d1595 |
||
| 100 | 1 | _aRasmussen, Martin. | |
| 245 | 1 | 0 |
_aAttractivity and bifurcation for nonautonomous dynamical systems / _cMartin Rasmussen. |
| 250 | _a2007th ed. | ||
| 260 |
_a[S.l.] : _bSpringer, _c2007. |
||
| 300 |
_a228 p. ; _c24 cm. |
||
| 490 | 1 | _aLecture notes in mathematics. | |
| 830 | 0 | _aLecture notes in mathematics. | |
| 942 |
_aSNS _cBK _k515.39 RAS |
||
| 999 |
_c30204 _d30204 |
||